000 00517nam a22001697a 4500
005 20231206101849.0
008 231206b |||||||| |||| 00| 0 eng d
020 _a978-969-7576-03-6
082 _a371.0779
_bMAR
100 _aMaryam Siddiqa Lodhi
245 _aPolitics of Madrassa Reforms in Pakistan
_bIslamization and Enlightened Moderation
260 _aIslamabad
_bIslamic Research Institute Press
_c2016
300 _a167
_bx
500 _aIncludes Index
650 _aSocial Sciences/Education
999 _c34789
_d34789